50 крупнейших городов России (1897) - Statistics

General Stats
  • This quiz has been taken 63 times
  • The average score is 28 of 50
Answer Stats
город население % Correct
1 Санкт-Петербург 1265К
100%
2 Москва 1039К
100%
5 Казань 130К
90%
16 Екатеринодар 66К
88%
9 Нижний Новгород 90К
85%
10 Самара 90К
85%
19 Царицын 55К
85%
4 Саратов 137К
77%
6 Ростов-на-Дону 119К
77%
48 Владивосток 29К
77%
34 Екатеринбург 43К
75%
7 Тула 115К
73%
11 Воронеж 81К
71%
21 Тверь 54К
71%
46 Псков 30К
71%
49 Владимир 28К
71%
8 Астрахань 113К
69%
14 Ярославль 72К
69%
24 Иркутск 51К
69%
27 Уфа 49К
69%
31 Рязань 46К
69%
32 Пермь 45К
69%
13 Оренбург 72К
65%
12 Курск 76К
63%
40 Омск 37К
63%
22 Томск 52К
60%
30 Смоленск 47К
60%
17 Пенза 60К
58%
20 Иваново-Вознесенск 54К
58%
28 Тамбов 48К
58%
35 Симбирск 42К
58%
36 Ставрополь 42К
58%
47 Тюмень 30К
54%
15 Орёл 70К
52%
26 Калуга 50К
52%
37 Кострома 41К
52%
38 Ижевский Завод 41К
48%
33 Владикавказ 44К
46%
3 Кёнигсберг 188K
40%
25 Таганрог 51К
25%
44 Нижнетагильский Завод 31К
21%
18 Кронштадт 60К
15%
29 Елец 47К
15%
43 Благовещенск 33К
13%
45 Серпухов 31К
8%
42 Майкоп 34К
6%
23 Новочеркасск 52К
4%
41 Ейск 35К
4%
50 Нахичевань-на-Дону 28К
2%
39 Козлов 40К
0%
No matching quizzes found
Score Distribution
Percent of People with Each Score
Percentile by Number Answered
Your Score History
You have not taken this quiz